000 00852nam a22002777a 4500
001 4936
003 FISKH
005 20241025130855.0
008 241025b cb ||||| |||| 00| 0 eng d
020 _a9780545147057
040 _aFISKH
_beng
_cFISKH
_dFISKH
050 _aCT217.D69
082 _a973.092
100 _aDoyle, Bill
245 _aBehind Enemy Lines :
_bTrue Stories of Amazing Courage /
_cby Bill Doyle
250 _aFirst printing, September 2009
260 _aNew York :
_bScholastic ;
_c2009 .
300 _a135 pages :
_billustrations ;
_c20 cm .
505 _aT
520 _aEight stories of real-life heroes who took risks for their country and others behind enemy lines.
521 8 _a810
_bLexile
521 8 _aT
_bRaz-Plus
650 _abiography
_vnon-fiction
942 _2ddc
_cBK
_n0
999 _c4936
_d4936